<?xml version="1.0" encoding="UTF-8"?>
<collection xmlns="http://www.loc.gov/MARC21/slim">
    <record>
        <controlfield tag="001">48389</controlfield>
        <controlfield tag="005">20190214135732.0</controlfield>
        <datafield tag="037" ind1=" " ind2=" ">
            <subfield code="a">BOOK-2016-002</subfield>
        </datafield>
        <datafield tag="041" ind1=" " ind2=" ">
            <subfield code="a">eng</subfield>
        </datafield>
        <datafield tag="100" ind1=" " ind2=" ">
            <subfield code="a">Gastón Guirao, Cristina (coord.)</subfield>
            <subfield code="b">cristina.gaston@upc.edu</subfield>
        </datafield>
        <datafield tag="245" ind1=" " ind2=" ">
            <subfield code="a">Fotografía como arquitectura. Click 1</subfield>
        </datafield>
        <datafield tag="260" ind1=" " ind2=" ">
            <subfield code="a"></subfield>
            <subfield code="b"></subfield>
            <subfield code="c">2015</subfield>
        </datafield>
        <datafield tag="300" ind1=" " ind2=" ">
            <subfield code="a">97</subfield>
        </datafield>
        <datafield tag="500" ind1=" " ind2=" ">
            <subfield code="a">FORM+ - Grupo de investigación FORM+</subfield>
        </datafield>
        <datafield tag="520" ind1=" " ind2=" ">
            <subfield code="a">Desde las primeras décadas del siglo XX la fotografía ha sido un aliado esencial de la arquitectura, para su desarrollo, su enseñanza y su aprendizaje. En los últimos años, las dinámicas entre ambas disciplinas sólo han hecho que aumentar gracias a la aparición de nuevas prácticas que plantean desafíos tanto al hacer del arquitecto como al del fotógrafo. Con este libro se pretende contribuir al avance en la comprensión de los modos de mirar de uno y otro y de sus mutuas repercusiones. El volumen reúne contribuciones realizadas desde España, México, Chile, Ecuador, Brasil y Venezuela suscitadas a partir del Seminario Internacional sobre Arquitectura Moderna y Fotografía celebrado en Barcelona los días 9 y 10 de abril de 2015. En América Latina, como en el resto del mundo, los fotógrafos jugaron un doble papel: registraron el patrimonio arquitectónico y contribuyeron decisivamente a construir el universo visual de referencia de los arquitectos. Los documentos compilados desde Barcelona abren perspectivas sobre el inexplorado panorama del registro visual de la arquitectura moderna en América Latina.</subfield>
        </datafield>
        <datafield tag="540" ind1=" " ind2=" ">
            <subfield code="9">info:eu-repo/semantics/openAccess $a Esta obra está sujeta a una licencia de uso Creative Commons. Se permite la reproducción total o parcial, la distribución, la comunicación pública de la obra y la creación de obras derivadas, siempre que no sea con finalidades comerciales, y sempre que se reconzca la autoria de la obra original. $u https://creativecommons.org/licenses/by-nc/4.0/</subfield>
        </datafield>
        <datafield tag="653" ind1="1" ind2=" ">
            <subfield code="a">arquitectura moderna - américa española</subfield>
        </datafield>
        <datafield tag="653" ind1="1" ind2=" ">
            <subfield code="a">fotografía</subfield>
        </datafield>
        <datafield tag="655" ind1=" " ind2="4">
            <subfield code="a">info:eu-repo/semantics/publishedVersion</subfield>
        </datafield>
        <datafield tag="655" ind1=" " ind2="4">
            <subfield code="a">info:eu-repo/semantics/book</subfield>
        </datafield>
        <datafield tag="856" ind1="0" ind2=" ">
            <subfield code="f">zaguan@unizar.es</subfield>
        </datafield>
        <datafield tag="856" ind1="4" ind2=" ">
            <subfield code="u">http://zaguan.unizar.es/record/48389/files/BOOK-2016-002.pdf</subfield>
            <subfield code="z">Texto completo</subfield>
        </datafield>
        <datafield tag="909" ind1="C" ind2="O">
            <subfield code="o">oai:zaguan.unizar.es:48389</subfield>
            <subfield code="p">books</subfield>
        </datafield>
        <datafield tag="980" ind1=" " ind2=" ">
            <subfield code="a">BOOK</subfield>
            <subfield code="b">EXPO</subfield>
            <subfield code="b"></subfield>
        </datafield>
    </record>

    
</collection>